000 00726nam0a22002531 4500
001 rc\3800244
005 20120311164342.6
021 _aRU
_b[75-15797]
035 _a(NLR Aleph) 007246621
090 _a5160697
_c5160697
100 _a20120311d1975 |||y0rusy50 ca
101 0 _arus
102 _aRU
105 _aa z |||a|
200 1 _aВ смене лет
_eСтихи
_f[Ил.: А.Л. Костин]
210 _aМосква
_cСов. писатель
_d1975
215 _a134 с.
_cил.
_d16
700 1 _aЗубарев
_bВ. И.
_gВадим Иванович
702 1 _aКостин
_bА. Л.
_4440
801 0 _aRU
_bNLR
_gpsbo
801 1 _aRU
_bELAR
_2rusmarc
852 _aNLR
_j75-2/151
942 _cBOOK
980 _aNB